| 000 | 00631nam a22002057a 4500 | ||
|---|---|---|---|
| 005 | 20251108164017.0 | ||
| 008 | 250721s2010 xx 000 0 ara d | ||
| 082 | 1 | 4 | _a820.09/كات |
| 100 | 1 | _aأوستر، بول | |
| 245 | 1 | 0 | _aالكاتب علامة سؤال رأوا ولم يصمتوا / |
| 264 | 1 |
_aبيروت : _bالدار العربية للعلوم ناشرون، _c2010. |
|
| 300 | _a194ص. | ||
| 650 | 1 | 7 | _aالادب |
| 650 | 1 | 7 | _aالادباء |
| 650 | 1 | 7 | _aالنقد الادبي |
| 700 | 1 | _aفركوح، إلياس | |
| 700 | 1 |
_aفركوح، الياس _eمترجم |
|
| 942 |
_2ddc _cBK |
||
| 999 |
_c1337 _d1337 |
||